=LDR 00000nam 2200000 4500 =001 INLIS000000000002045 =005 20130612090421 =008 ***********************************Ind** =035 ##$$0010-061300000002045 =041 ##$$a Ind =082 ##$$a 615.882 =090 ##$$a 615.882, Suy m =100 ##$$a As-Suyuthy, Al-Imam Jalaluddin =245 ##$$a Mengobati dan merawat berbagai penyakit berat dan ringan dengan resep-resep spesialis ketabiban, Al-Imam Jalaluddin As-Suyuthy =260 ##$$a 1993 $b Solo =300 ##$$a 215 hlm, 21 cm =650 ##$$a Pengobatan Tradisional =850 ##$$a NBPNMAT